Kinderseriencharaktere - Statistiken

Allgemein
  • Dieses Quiz wurde 311 mal gespielt
    165 seit der letzten Aktualisierung
  • Das Durchschnittsergebnis liegt bei 6 aus 10
Antwortstatistiken
Charaktere Serie % Korrekt
Willi, Maja, Flip Biene Maja
99%
Kleiner Donner, Regenbogen, Kleiner Dachs Yakari
74%
Otto, Karla Kolummna, Hr. Tierlieb Benjamin Blümchen
68%
Ryder, Chase, Sky Paw Patrol
65%
Zane, Lloyd, Kai Ninjago
63%
Shego, Ron, Rufus Kim Possible
62%
Jerry, Butch, Spike Tom und Jerry
56%
Tweety, Sylvester, Daffy Duck Bugs Bunny / Lonney Tunes
48%
Penny, Elvis, Sam Feuerwehrmann Sam
37%
Fiete, Natascha, Ramin Pfefferkörner
26%
Keine übereinstimmenden Quizze gefunden
Verteilung der Resultate
Anzahl Personen mit jedem Resultat
Perzentil nach korrekt beantworteten Fragen
Ihre Resultats-Entwicklung
Sie haben dieses Quiz seit der letzten Aktualisierung nicht gespielt